000
00303nam a2200109Ia 4500
008
220624s9999 xx 000 0 und d
020
_a
1 86825 816 5
082
_a
646,4072BER
100
_a
Bergh, Rene
_9
74722
245
0
_a
MAAK JOU EIE PATRONE
942
_c
BK
_w
561
_x
John Tresidder
_y
296
_z
Phillipina Naude
999
_c
688923
_d
688922